000 00696 a2200217 4500
005 20260416114748.0
008 260416b |||||||| |||| 00| 0 eng d
020 _a978-93-5516-867-2
037 _cTB
040 _aAL
_cAL
041 _2eng
_aeng
084 _aV4295:1973-41.P1 R5
_qAL
100 _aRohtagi, Shekhar
_91113133
245 _aTaiwan:
_ba unique tussle between US and China
260 _bSumit Enterprises,
_c2025.
_aNew Delhi, India:
300 _a244p.
365 _b1495
_cINR
650 _aTaiwan-Foreign Relations
_91234792
942 _cTB
_2CC
_hV4295:1973-41.P1 R5
999 _c1678479
_d1678479